书目信息 |
| 题名: |
反馈控制系统导论
|
|
| 作者: | 师黎 , 孔金生 编著 | |
| 分册: | ||
| 出版信息: | 北京 科学出版社 2005.07 |
|
| 页数: | 279页 | |
| 开本: | 24cm | |
| 丛书名: | ||
| 单 册: | ||
| 中图分类: | TP271 | |
| 科图分类: | ||
| 主题词: | 反馈控制系统--fan kui kong zhi xi tong--教材 | |
| 电子资源: | ||
| ISBN: | 7-03-015333-2 | |
| 000 | 00998nam0 2200253 450 | |
| 001 | 012006814440 | |
| 005 | 20061031101416.68 | |
| 010 | @a7-03-015333-2@dCNY29.00 | |
| 100 | @a20060510d2005 km y0chiy0120 ea | |
| 101 | 0 | @achi |
| 102 | @aCN@b110000 | |
| 105 | @ay a 000yy | |
| 200 | 1 | @a反馈控制系统导论@Afan kui kong zhi xi tong dao lun@f师黎, 孔金生编著@Fshi li,kong jin sheng bian zhu |
| 210 | @a北京@c科学出版社@d2005.07 | |
| 215 | @a279页@d24cm | |
| 300 | @a控制科学与工程研究生系列教材 | |
| 320 | @a有书目 (第275-279页) | |
| 330 | @a本书从反馈控制系统分析、系统建模与不确定性分析、反馈控制系统稳定性分析、校正控制器设计与分析、鲁棒稳定性分析与鲁棒控制器设计、时间滞后系统的分析与设计、状态空间分析设计等诸多方面出发,对反馈控制系统的理论、方法及其应用进行了论述。 | |
| 606 | 0 | @a反馈控制系统@Afan kui kong zhi xi tong@j教材 |
| 690 | @aTP271@v4 | |
| 701 | 0 | @a师黎@Ashi li@4编著 |
| 701 | 0 | @a孔金生@Akong jin sheng@4编著 |
| 801 | 0 | @aCN@c20061031 |
| 905 | @a10447@dTP271@eS481 | |
| 反馈控制系统导论/师黎, 孔金生编著.-北京:科学出版社,2005.07 |
| 279页;24cm |
| 控制科学与工程研究生系列教材 |
| ISBN 7-03-015333-2:CNY29.00 |
| 本书从反馈控制系统分析、系统建模与不确定性分析、反馈控制系统稳定性分析、校正控制器设计与分析、鲁棒稳定性分析与鲁棒控制器设计、时间滞后系统的分析与设计、状态空间分析设计等诸多方面出发,对反馈控制系统的理论、方法及其应用进行了论述。 |
| ● |
| 相关链接 |
|
|
|
正题名:反馈控制系统导论
索取号:TP271/S481
 
预约/预借
| 序号 | 登录号 | 条形码 | 馆藏地/架位号 | 状态 | 备注 |
| 1 | 580359 | 205803594 | 自科二线504/504自科库 7排3列4层/ [索取号:TP271/S481] | 在馆 | |
| 2 | 580360 | 205803601 | 自科库301/301自科库 41排4列3层/ [索取号:TP271/S481] | 在馆 | |
| 3 | 580361 | 205803610 | 自科库301/301自科库 41排4列3层/ [索取号:TP271/S481] | 在馆 | |
| 4 | 630883 | 206308832 | 自科二线504/504自科库 7排2列5层/ [索取号:TP271/S481] | 在馆 |